000
00251nam a2200109Ia 4500
008
231219s9999 xx 000 0 und d
041
_a
eng
100
_a
Rogers and Grassi
245
_a
Retailing
260
_b
The Dryden Press
650
_a
Management
999
_c
977438
_d
977438